Sports Quiz

Random Sports or MLB Quiz

Philadelphia Phillies Postseason Home Runs Quiz Stats

Quiz not verified by Sporcle

Challenge
Share
Tweet
Embed
Score 0/96 Timer 07:00
0 Plays Today
Year/Game (HR Type) Player % Correct
2007 NLDS Game 2 (solo)Ryan Howard
98.7%
2008 World Series Game 3 (solo)Ryan Howard
98.7%
2008 World Series Game 4 (3-run)Ryan Howard
98.7%
2008 World Series Game 4 (2-run)Ryan Howard
98.7%
2009 NLCS Game 2 (solo)Ryan Howard
98.7%
2009 NLCS Game 4 (2-run)Ryan Howard
98.7%
2009 World Series Game 6 (2-run)Ryan Howard
98.7%
2011 NLDS Game 1 (3-run)Ryan Howard
98.7%
2008 NLCS Game 1 (2-run)Chase Utley
98.2%
2008 World Series Game 1 (2-run)Chase Utley
98.2%
2008 World Series Game 3 (solo)Chase Utley
98.2%
2009 NLDS Game 3 (solo)Chase Utley
98.2%
2009 World Series Game 1 (solo)Chase Utley
98.2%
2009 World Series Game 1 (solo)Chase Utley
98.2%
2009 World Series Game 4 (solo)Chase Utley
98.2%
2009 World Series Game 5 (3-run)Chase Utley
98.2%
2009 World Series Game 5 (solo)Chase Utley
98.2%
2010 NLDS Game 3 (solo)Chase Utley
98.2%
1980 World Series Game 3 (solo)Mike Schmidt
95.7%
1980 World Series Game 5 (2-run)Mike Schmidt
95.7%
1981 NLDS Game 4 (2-run)Mike Schmidt
95.7%
1983 NLCS Game 1 (solo)Mike Schmidt
95.7%
2007 NLDS Game 2 (solo)Jimmy Rollins
95.3%
2008 NLDS Game 4 (solo)Jimmy Rollins
95.3%
2008 NLCS Game 5 (solo)Jimmy Rollins
95.3%
2007 NLDS Game 3 (solo)Shane Victorino
93%
2008 NLDS Game 2 (grand slam)Shane Victorino
93%
2008 NLCS Game 4 (2-run)Shane Victorino
93%
2009 NLDS Game 4 (solo)Shane Victorino
93%
2009 NLCS Game 3 (3-run)Shane Victorino
93%
2009 NLCS Game 5 (2-run)Shane Victorino
93%
2008 NLDS Game 4 (solo)Jayson Werth
92.2%
Year/Game (HR Type) Player % Correct
2008 World Series Game 4 (2-run)Jayson Werth
92.2%
2009 NLDS Game 2 (solo)Jayson Werth
92.2%
2009 NLDS Game 4 (solo)Jayson Werth
92.2%
2009 NLCS Game 3 (2-run)Jayson Werth
92.2%
2009 NLCS Game 5 (3-run)Jayson Werth
92.2%
2009 NLCS Game 5 (solo)Jayson Werth
92.2%
2009 World Series Game 3 (solo)Jayson Werth
92.2%
2009 World Series Game 3 (solo)Jayson Werth
92.2%
2010 NLCS Game 1 (solo)Jayson Werth
92.2%
2010 NLCS Game 5 (solo)Jayson Werth
92.2%
2008 World Series Game 3 (solo)Carlos Ruiz
87.4%
2009 NLCS Game 1 (3-run)Carlos Ruiz
87.4%
2009 World Series Game 3 (solo)Carlos Ruiz
87.4%
2010 NLCS Game 1 (solo)Carlos Ruiz
87.4%
2007 NLDS Game 1 (solo)Pat Burrell
86.3%
2008 NLDS Game 4 (3-run)Pat Burrell
86.3%
2008 NLDS Game 4 (solo)Pat Burrell
86.3%
2008 NLCS Game 1 (solo)Pat Burrell
86.3%
1993 NLCS Game 2 (solo)Lenny Dykstra
84.5%
1993 NLCS Game 5 (solo) (E)Lenny Dykstra
84.5%
1993 World Series Game 2 (solo)Lenny Dykstra
84.5%
1993 World Series Game 4 (2-run)Lenny Dykstra
84.5%
1993 World Series Game 4 (2-run)Lenny Dykstra
84.5%
1993 World Series Game 6 (3-run)Lenny Dykstra
84.5%
2009 NLCS Game 1 (3-run)Raul Ibanez
84.1%
2009 World Series Game 5 (solo)Raul Ibanez
84.1%
2011 NLDS Game 1 (2-run)Raul Ibanez
84.1%
2008 NLCS Game 4 (2-run) (PH)Matt Stairs
80.5%
1993 NLCS Game 5 (solo)Darren Daulton
78.7%
1993 World Series Game 4 (2-run)Darren Daulton
78.7%
1993 NLCS Game 3 (solo)John Kruk
78.5%
1976 NLCS Game 2 (solo)Greg Luzinski
70.9%
Year/Game (HR Type) Player % Correct
1977 NLCS Game 1 (2-run)Greg Luzinski
70.9%
1978 NLCS Game 3 (solo)Greg Luzinski
70.9%
1978 NLCS Game 4 (2-run)Greg Luzinski
70.9%
1980 NLCS Game 1 (2-run)Greg Luzinski
70.9%
2009 NLCS Game 5 (solo)Pedro Feliz
68.4%
2009 World Series Game 4 (solo)Pedro Feliz
68.4%
2008 World Series Game 4 (solo) (P)Joe Blanton
68.2%
1983 World Series Game 1 (solo)Garry Maddox
61.7%
1993 NLCS Game 2 (2-run)Dave Hollins
58.1%
1993 NLCS Game 6 (2-run)Dave Hollins
58.1%
1981 NLDS Game 4 (solo)Gary Matthews
56.3%
1983 NLCS Game 2 (solo)Gary Matthews
56.3%
1983 NLCS Game 3 (solo)Gary Matthews
56.3%
1983 NLCS Game 4 (3-run)Gary Matthews
56.3%
1983 World Series Game 3 (solo)Gary Matthews
56.3%
1983 World Series Game 1 (solo)Joe Morgan
51.8%
1983 World Series Game 3 (solo)Joe Morgan
51.8%
1993 World Series Game 2 (3-run)Jim Eisenreich
51.8%
1993 NLCS Game 1 (solo)Pete Incaviglia
51.3%
2007 NLDS Game 1 (solo)Aaron Rowand
49.6%
1977 NLCS Game 2 (solo)Bake McBride
47.5%
1978 NLCS Game 4 (solo) (PH)Bake McBride
47.5%
1980 World Series Game 1 (3-run)Bake McBride
47.5%
2011 NLDS Game 3 (3-run) (PH)Ben Francisco
45.5%
1993 World Series Game 3 (solo)Milt Thompson
42.6%
2008 World Series Game 2 (solo) (PH)Eric Bruntlett
41%
1978 NLCS Game 3 (3-run) (P)Steve Carlton
28.9%
1981 NLDS Game 4 (solo) (PH, E, W)George Vukovich
23.5%
1978 NLCS Game 1 (solo) (PH)Jerry Martin
21.5%
1981 NLDS Game 1 (solo)Keith Moreland
20%
1983 NLCS Game 4 (2-run)Sixto Lezcano
15.7%
1915 World Series Game 5 (solo)Fred Luderus
7.6%

You're not logged in!

Compare scores with friends on all Sporcle quizzes.
Sign Up with Email
OR
Log In

You Might Also Like...

Show Comments

Extras

Top Quizzes Today


Score Distribution

Your Account Isn't Verified!

In order to create a playlist on Sporcle, you need to verify the email address you used during registration. Go to your Sporcle Settings to finish the process.

Report this User

Report this user for behavior that violates our Community Guidelines.

Details: